000 00297nam a22001097a 4500
008 170105b xxu||||| |||| 00| 0 eng d
020 _a9780323008938
041 _aeng
080 _22ND
_a618.2
245 _aNURSING OUTCOMES CLASSIFICATION (NOC)
_cJOHNSON, M & MAAS, M & MOORHEAD, S
942 _2udc
_cBK
999 _c2589
_d2589